000 00317 a2200157 4500
001 75745
020 _a9788580570458
040 _cAnchieta - Colégio São Paulo
100 _aNicholls, David
240 1 0 _aUm dia
_lpor
245 1 0 _aUm dia
300 _a411
362 0 _a2011
650 4 _aRomance
942 _cBK
999 _c75745
_d75745